Indigenous Peoples of Oceania - Statistics

General Stats
  • This quiz has been taken 46 times
  • The average score is 18 of 38
Answer Stats
Region People % Correct
Samoa, American Samoa Samoan
94%
Fiji Fijian
91%
Tonga Tongan
91%
Cook Islands Cook Islands Māori
88%
New Zealand Māori
88%
Hawai'i (United States) Hawaiian
85%
Palau Palauan
82%
Tuvalu Tuvaluan
82%
Nauru Nauruan
76%
Marshall Islands Marshallese
71%
Niue (New Zealand) Niuean
71%
French Polynesia (France) Tahitian
65%
Tokelau (New Zealand) Tokelauan
65%
Australia Australian Aboriginal (grouping)
62%
Easter Island (Chile) Rapa Nui
62%
Vanuatu Ni-Vanuatu (grouping)
59%
Indonesia, Papua New Guinea Papuan (grouping)
59%
Kiribati Gilbertese
53%
Guam, Northern Mariana Islands (United States) Chamorro
50%
Micronesia Yapese
50%
Australia (Torres Strait Islands) Torres Strait Islander
47%
Wallis and Futuna (France) Futunan
38%
Wallis and Futuna (France) Uvean
38%
Micronesia Chuukese
35%
Micronesia Pohnpeian
32%
New Zealand (Chatham Islands) Moriori
29%
Micronesia Kosraean
26%
Solomon Islands, Papua New Guinea Solomon Islander (grouping)
24%
French Polynesia (France) Marquesan
21%
Australia (Tasmania) Palawa
21%
New Caledonia (France) Kanak (grouping)
15%
Fiji, Tonga Rotuman
12%
French Polynesia (France) Tuamotuan
12%
French Polynesia (France) Mangarevan
9%
Indonesia Aruese
6%
Micronesia, Palau Carolinian
6%
French Polynesia (France) Austral Islander (grouping)
3%
Indonesia Moluccan
3%
No matching quizzes found
Score Distribution
Percent of People with Each Score
Percentile by Number Answered
Your Score History
You have not taken this quiz